• 首页
  • 本馆介绍
  • 公告通知
  • 最新文献
  • 馆藏检索
  • 电子资源
  • 读者导购
  • 参考咨询
  • 我的图书馆
  • 登录
  • 详细信息显示
  • 放入我的书架
  • 预约/预借图书
  • 作者相关作品
  • 分类相关作品
  • 丛书相关作品
  • 出版社相关作品

书目信息

  • 表格格式
  • 工作单格式
  • 卡片格式
题名:
SPSS统计分析从零开始学
    
 
作者: 吴骏 编著
分册:  
出版信息: 北京   清华大学出版社  2014
页数: 11,446页
开本: 26cm
丛书名:
单 册:
中图分类: C819
科图分类:
主题词: 统计分析--统计程序 , 统计分析 , 统计程序
电子资源:
ISBN: 978-7-302-34594-7
000 00961nam0 2200277 450
001 523
005 20140905091227.34
010    @a978-7-302-34594-7@dCNY69.00
100    @a20140211d2014 em y0chiy50 ea
101 0  @achi
102    @aCN@b110000
105    @ay z 000yy
106    @ar
200 1  @aSPSS统计分析从零开始学@ASPSS Tong Ji Fen Xi Cong Ling Kai Shi Xue@f吴骏编著@FWu Jun Bian Zhu
210    @a北京@c清华大学出版社@d2014
215    @a11,446页@d26cm@e附光盘1片
307    @a附光盘:ISBN 978-7-89414-673-1
330    @a本书介绍了SPSS 20.0的各项统计分析方法,包括基本统计分析、相关分析、方差分析、参数与非参数检验、回归分析、聚类与判别分析、因子分析、主成分分析、时间序列分析、信度分析和缺失值分析的原理和使用方法。
606 0  @a统计分析@x统计程序
606 0  @a统计分析
606 0  @a统计程序
610 0  @aSPSS
690    @aC819@v5
701  0 @a吴骏@AWu Jun@4编著
801  0 @aCN@bTANGWEI@c20140603
905    @b0841538-40@dC819@e106@f3
    
    SPSS统计分析从零开始学/吴骏编著.-北京:清华大学出版社,2014
    11,446页;26cm+附光盘1片
    
    
    ISBN 978-7-302-34594-7:CNY69.00
    本书介绍了SPSS 20.0的各项统计分析方法,包括基本统计分析、相关分析、方差分析、参数与非参数检验、回归分析、聚类与判别分析、因子分析、主成分分析、时间序列分析、信度分析和缺失值分析的原理和使用方法。
●
相关链接 在E读中查询图书 在五车中查询图书 在当当中查询图书 在豆瓣中查询图书


正题名:SPSS统计分析从零开始学     索取号:C819/106         预约/预借

序号 登录号 条形码 馆藏地/架位号 状态 备注
1 0841538   208415384   第一样本阅览室/ [索取号:C819/106] 在馆    
2 0841540   208415400   第一借阅区/ [索取号:C819/106] 在馆    
唐山师范学院图书馆 欢迎您!
大连网信软件有限公司© 版权所有